[Event "Subotica City-ch"]
[Site "Subotica"]
[Date "2019.03.15"]
[Round "9"]
[White "Seles, Ferenc"]
[Black "Pavlovic, Valentina"]
[Result "1-0"]
[WhiteElo "1419"]
[BlackElo "1605"]
[PlyCount "69"]
[EventDate "2019.02.25"]
[EventType "swiss"]
[EventRounds "9"]
[EventCountry "SRB"]
[SourceTitle "CBM 189 Extra"]
[Source "ChessBase"]
[SourceDate "2019.06.03"]
[SourceVersion "1"]
[SourceVersionDate "2019.06.03"]
[SourceQuality "1"]

1. Nf3 e6 2. d4 d5 3. c4 dxc4 4. Qa4+ Nc6 5. Qxc4 h6 6. a3 Nf6 7. Nc3 Bd6 8. b4 a6 9. e4 e5 10. d5 Ne7 11. h3 0-0 12. Bd3 b5 13. Qa2 c6 14. dxc6 Nxc6 15. Qe2 Nd4 16. Nxd4 exd4 17. Nb1 Bf5 18. Nd2 Re8 19. f3 Bg3+ 20. Kf1 Nh5 21. Qd1 Qf6 22. Kg1 Nf4 23. Nf1 Nxd3 24. Qxd3 Bxe4 25. Qd2 Bxf3 26. Nxg3 Bd5 27. Bb2 Qg6 28. Kh2 Re3 29. Nf1 Rxh3+ 30. Kxh3 Qh5+ 31. Kg3 Qe5+ 32. Kf2 Re8 33. Qxd4 Qg5 34. Qd2 Qf5+ 35. Kg1 1-0